O jakim państwie mowa? - Statystyki

Ogólne statystyki
  • Ten quiz został rozwiązany 47 razy
  • Średni wynik to 9 z 22
Statystyki odpowiedzi
Podpowiedź Kraj % Poprawnych
Jest jedynym krajem na świecie, w którym językiem urzędowym jest łacina; na terenie kraju znajduje się jedna z najstarszych i najbardziej znanych bibliotek świata. Watykan
85%
Kraj jako ostatnia z republik ZSRR proklamował niepodległość; Muzułmanie stanowią ponad 70% ogólnej liczby wiernych; posiada dość bogate złoża surowców energetycznych (węgla kamiennego, ropy naftowej, gazu ziemnego). Kazachstan
67%
Jest najludniejszym krajem tego kontynentu i jednym z najbardziej zróżnicowanych pod względem kulturowym; tylko połowa mieszkańców ma dostęp do wody pitnej. Nigeria
59%
Kraj graniczy z 7 państwami; patyczki do uszu, lampa naftowa czy kamizelka kuloodporna to wynalazki osób pochodzących z tego kraju; 23 parki narodowe; kraj miał 38 królów. Polska
56%
Pierwszą cywilizacją zamieszkującą te tereny byli Olmekowie; czekolada, kukurydza i chili pochodzą z tego kraju; jest siódmym pod względem ilości turystów krajem na świecie. Meksyk
52%
Jest czwartym co do wielkości producentem tramwajów na świecie - prawie 1/3 wszystkich tramwajów na świecie; Około 75% do 79% mieszkańców nie deklaruje wyznania żadnej religii lub wiary. Czechy
48%
Czasami nazywane jest "Krainą Dwóch Świętych Meczetów"; posiada trzy międzynarodowe lotniska; należy do najbardziej suchych rejonów świata. Arabia Saudyjska
44%
Największym jeziorem kraju jest Pejpus; posiada ponad 1500 wysp i wysepek; największą mniejszością narodową są Rosjanie (26%). Estonia
44%
Kraj odkrył w 1642 roku holenderski żeglarz Abel Tasman; jest najodleglejszym od Polski państwem; Około 80% flory stanowią gatunki endemiczne. Nowa Zelandia
44%
Język polski jest drugim pod względem popularności językiem w tym kraju, Jeden z najbardziej słynnych serów, Cheddar, pochodzi z tego kraju. Wielka Brytania
44%
Kraj uzyskał niepodległość od Pakistanu 26 marca 1971 roku; jest to jedno z najbardziej skorumpowanych państw świata; częstym zjawiskiem są tajfuny i powodzie. Bangladesz
41%
Terytorium kraju obejmuje cztery strefy czasowe, posiada sześć głównych ekosystemów; Uważany jest za kraj o największej bioróżnorodności ze wszystkich krajów na świecie. Brazylia
41%
Kraj można podzielić na trzy części (chrześcijański, muzułmański, rdzenne plemiona); Lalibela jest świętym miastem tamtejszego Kościoła Ortodoksyjnego; do 1974 roku państwo nosiło nazwę Abisynia. Etiopia
37%
Kraj ma jednego sąsiada; wiek osoby urodzonej w tym kraju jest liczony od jedynki nie od zera jak u nas (dzieje się tak dlatego, że ludzie wliczają tam okres płodowy do długości życia). Korea Południowa
37%
Jest drugim najuboższym krajem Unii Europejskiej; jest republiką parlamentarną o ustroju demokratycznym; znajduje się tam 13 parków narodowych Rumunia
37%
Jest krajem górzystym, gdzie góry i wyżyny zajmują 75% powierzchni; ma jedną z najdłuższych historii uprawy winorośli w Europie; posiada drugie co do wielkości złoża ropy naftowej na Półwyspie Bałkańskim. Albania
33%
Głównymi źródłami przychodu są rolnictwo i turystyka; występują tu corocznie dwa sezony deszczowe; znajduje się tu największe słonowodne jezioro Afryki. Kenia
33%
Kraj posiada najwyższy na świecie wskaźnik imigracji per capita; narodziła się tam pizza hawajska. Kanada
26%
Religią dominującą jest katolicyzm; podstawą gospodarki jest wydobycie i eksport rud metali, ropy naftowej i gazu ziemnego oraz guano; daniem narodowym jest cuy - świnka morska. Peru
26%
Słynie z kamiennych, średniowiecznych warowni i zabytkowych opactw, często położonych w malowniczym otoczeniu przyrody; jednym z najchętniej odwiedzanych miejsc są Klify Moheru; tradycyjna kuchnia oparta jest na baraninie. Irlandia
19%
Kraj nie posiada stałych rzek; panuje tam klimat subtropikalny typu śródziemnomorskiego; edukacja w tym kraju odbywa się w modelu brytyjskim. Malta
19%
Najwyższym szczytem kraju jest Tubkal o wysokości 4165 m n.p.m; islam praktykuje tam 99,68% ludności kraju; bogactwami naturalnymi są: fosforyty, fosforany, rudy żelaza, mangan, ołów, cynk, sól, miedź, baryt i bentonit. Maroko
15%
Nie znaleziono quizów pasujących do podanych kryteriów
Rozkład punktacji
Procent ludzi z każdym wynikiem
Percentyl według liczby udzielonych odpowiedzi
Twoja historia wyników
Nie rozwiązałeś tego quizu